Genetic recombination (Record no. 14007)
[ view plain ]
| 000 -LEADER | |
|---|---|
| fixed length control field | 01363cam a22003854a 4500 |
| 001 - CONTROL NUMBER | |
| control field | 14007 |
| 003 - CONTROL NUMBER IDENTIFIER | |
| rucl marc code | BD-RjUL |
| 005 - DATE AND TIME OF LATEST TRANSACTION | |
| control field | 20211208235544.0 |
| 008 - FIXED-LENGTH DATA ELEMENTS--GENERAL INFORMATION | |
| fixed length control field | 031023s2004 njua sb 001 0 eng d |
| 020 ## - INTERNATIONAL STANDARD BOOK NUMBER | |
| International Standard Book Number | 1588292363 (alk. paper) |
| 035 ## - SYSTEM CONTROL NUMBER | |
| System control number | (WaSeSS)14059 |
| 040 ## - CATALOGING SOURCE | |
| Original cataloging agency | DNLM/DLC |
| Transcribing agency | DLC |
| Modifying agency | DLC |
| -- | WaSeSS |
| Language of cataloging | eng |
| 041 ## - LANGUAGE CODE | |
| Language code of text/sound track or separate title | eng |
| 060 10 - NATIONAL LIBRARY OF MEDICINE CALL NUMBER | |
| Classification number | W1 |
| Item number | ME9616J v.262 2004 |
| Classification number | QH 443 |
| Item number | G3284 2004 |
| 082 00 - DEWEY DECIMAL CLASSIFICATION NUMBER | |
| Classification number | 572.877 |
| Edition number | 22 |
| Author mark and year | GEN 2004 |
| 245 00 - TITLE STATEMENT | |
| Title | Genetic recombination |
| Remainder of title | reviews and protocols / |
| Statement of responsibility, etc. | edited by Alan S. Waldman. |
| 260 ## - PUBLICATION, DISTRIBUTION, ETC. (IMPRINT) | |
| Place of publication, distribution, etc. | Totowa, N.J. : |
| Name of publisher, distributor, etc. | Humana Press, |
| Date of publication, distribution, etc. | c2004. |
| 300 ## - PHYSICAL DESCRIPTION | |
| Pagination | x,260p. |
| Illustrations | ill. : |
| Size | 24cm. |
| 490 1# - SERIES STATEMENT | |
| Series statement | Methods in molecular biology, |
| Volume/sequential designation | v. 262 |
| 504 ## - BIBLIOGRAPHY, ETC. NOTE | |
| Bibliography, etc | Includes bibliographical references and index. |
| 506 ## - RESTRICTIONS ON ACCESS NOTE | |
| Terms governing access | License restrictions may limit access. |
| 650 #0 - SUBJECT ADDED ENTRY--TOPICAL TERM | |
| Topical term or geographic name as entry element | Genetic recombination. |
| 9 (RLIN) | 43783 |
| Topical term or geographic name as entry element | Recombination, Genetic. |
| 9 (RLIN) | 43784 |
| Topical term or geographic name as entry element | Gene Expression. |
| 9 (RLIN) | 21239 |
| Topical term or geographic name as entry element | Gene Targeting. |
| 9 (RLIN) | 43785 |
| Topical term or geographic name as entry element | Genetic Engineering. |
| 9 (RLIN) | 43786 |
| 700 1# - ADDED ENTRY--PERSONAL NAME | |
| Personal name | Waldman, Alan S. |
| 773 #0 - HOST ITEM ENTRY | |
| Title | Springer Protocols |
| 830 #0 - SERIES ADDED ENTRY--UNIFORM TITLE | |
| Volume number/sequential designation | v. 262. |
| 830 #0 - SERIES ADDED ENTRY--UNIFORM TITLE | |
| Uniform title | Methods in molecular biology (Clifton, N.J.) ; |
| 856 40 - ELECTRONIC LOCATION AND ACCESS | |
| Uniform Resource Identifier | <a href="http://www.columbia.edu/cgi-bin/cul/resolve?clio8791535">http://www.columbia.edu/cgi-bin/cul/resolve?clio8791535</a> |
| Public note | Full text available from Springer Protocols |
| 942 ## - ADDED ENTRY ELEMENTS (KOHA) | |
| Source of classification or shelving scheme | Dewey Decimal Classification |
| Koha item type | Books |
| Lost status | Source of classification or shelving scheme | Damaged status | Not for loan | Collection code | Permanent Location | Current Location | Shelving location | Date acquired | Source of acquisition | Cost, normal purchase price | Total Checkouts | Full call number | Date last seen | Copy number | Koha item type |
|---|---|---|---|---|---|---|---|---|---|---|---|---|---|---|---|
| Dewey Decimal Classification | Not For Loan | Non-fiction | Central Library, University of Rajshahi | Central Library, University of Rajshahi | Reading Room | 17/02/2013 | Trim Education | 4975.00 | 572.877 GEN 2004 | 03/02/2014 | C-1 | Books | |||
| Dewey Decimal Classification | Not For Loan | Central Library, University of Rajshahi | Central Library, University of Rajshahi | 17/02/2013 | Trim Education. | 4975.00 | 572.877 GEN 2004 | 02/07/2014 | C-2 | Books |